000 00707nam a2200277Ia 4500
008 171120s9999 xx 000 0 und d
020 _a9.7818481013e+012
050 _a599.14
050 _bB412 2009
100 _aBedoyere, Camilla dela
245 _aWhy are mammals furry? :
245 _bmammals /
245 _cby Camilla dela Bedoyere.
260 _aEssex :
260 _bMiles Kelly,
260 _c2009
300 _a32 pages :
300 _bcolor illustrations ;
300 _c29cm.
440 _aFirst questions and answers.
500 _aIncludes index.
650 _aMammals --
650 _xMiscellanea -- Juvenile literature.
700 _aSeries.
700 _aTitle.
999 _c344978
_d344978